00896nam a2200301Ia 450000500170000000800410001702000180005802000150007604100080009110000200009924500480011925000180016730000250018549000200021050000420023065000280027265000320030065000390033265000310037194200150040226400280041733600270044533700330047233800280050504000350053308400110056899900150057920220317001826.0170410s2010 c g 000 f s  a9789584212733 a9584212737 aspa1 aGossaín, Juan13aLa balada de María AbdalacJuan Gossaín a1a. edición a196 páginasc19 cm aBooket : novela aIncluye datos biográficos del autor142LEMBaNovela colombiana142LEMBaLiteratura colombiana142LEMBaInmigrantes en la literatura142LEMBaAmor en la litertura 2loccBKLIT aBogotábPlanetac2010 atextobtxt2rdacontent asin mediaciónbn2rdamedia avolumenbnc2rdacarrier aCO-BoRNBPbspaerdacCO-BoRNBP aN GOS2 c8221d8221